000 00349nam a22001457a 4500
999 _c258625
_d258624
003 OSt
005 20200623124309.0
008 200623b xxu||||| |||| 00| 0 eng d
020 _a032130070x
040 _cN/A
100 _aPeter E.Siska
245 _aUniversity chemistry
260 _aBoston
_bPearson Benjamin cummings
_c2006
942 _2lcc
_cBK